| 000 | 00797nam a2200253Ia 4500 | ||
|---|---|---|---|
| 008 | 191130s2004##################000#0#eng## | ||
| 020 | _a9780521546188 | ||
| 022 | _a2004040401 | ||
| 040 |
_aACL _cACL |
||
| 082 | _a302.4 CRO | ||
| 100 | _aCrosby, Alfred W | ||
| 245 |
_aEcological imperialism : the biological expansion of Europe, 900-1900 _cAlfred W. Crosby |
||
| 250 | _a2nd ed., new ed | ||
| 260 |
_aCambridge _bCambridge University Press _c2004 |
||
| 300 | _axxii, 368 p. : ill., maps ; 24 cm | ||
| 500 | _aIncludes bibliographical references (p. 312-360) and index | ||
| 650 | _aBiogeography | ||
| 650 | _aEuropeans - Migrations | ||
| 650 | _aHuman ecology | ||
| 650 | _aHuman geography | ||
| 990 | _a76062b8aac10000c6e2f9a6c2f8d5f59 | ||
| 991 | _a188943 | ||
| 999 |
_c257828 _d257828 |
||